Pays vainqueurs de la Copa América - Statistiques

Statistiques générales
  • Ce quiz a été pris 93 fois
    91 depuis la dernière actualisation
  • Le résultat moyen est 5 sur 8
Answers on the Grid
Answers color-coded by a green-red scale on the quiz's grid according to % correct below.
Argentine
Uruguay
Brésil
Paraguay
Chili
Pérou
Colombie
Bolivie
Honduras
Equateur
Etats-Unis
Venezuela
Canada
Guyana
Suriname
Mexique
 
Statistiques - réponses
Réponse % Correct
Brésil
88%
Argentine
85%
Uruguay
79%
Chili
67%
Colombie
63%
Paraguay
34%
Pérou
30%
Bolivie
13%
Aucun quiz correspondant
Distribution des résultats
% des personnes avec chaque résultat
Percentile par nombre de réponses
Votre historique - résultats
Vous n’avez pas pris ce quiz depuis la dernière actualisation